Effect of calcium carbonate on straw mushroom spawns at royal university of agriculture ឥទ្ធិពលនៃបរិមាណកាល់ស្យូមកាបូណាតលើការលូតលាស់ របស់ផ្សិតចំបើងនៅសាកលវិទ្យាល័យភូមិន្ទកសិកម្ម (Record no. 992)

000 -LEADER
fixed length control field 00705nam a22001577a 4500
003 - CONTROL NUMBER IDENTIFIER
control field OSt
005 - DATE AND TIME OF LATEST TRANSACTION
control field 20150921161435.0
008 - FIXED-LENGTH DATA ELEMENTS--GENERAL INFORMATION
fixed length control field 150921b xxu||||| |||| 00| 0 eng d
040 ## - CATALOGING SOURCE
Transcribing agency RUA
082 ## - DEWEY DECIMAL CLASSIFICATION NUMBER
Classification number AGR CHA 2006 B034 Or.1
100 ## - MAIN ENTRY--PERSONAL NAME
9 (RLIN) 1034
Personal name CHAN, THIDA.
245 ## - TITLE STATEMENT
Title Effect of calcium carbonate on straw mushroom spawns at royal university of agriculture ឥទ្ធិពលនៃបរិមាណកាល់ស្យូមកាបូណាតលើការលូតលាស់ របស់ផ្សិតចំបើងនៅសាកលវិទ្យាល័យភូមិន្ទកសិកម្ម
260 ## - PUBLICATION, DISTRIBUTION, ETC. (IMPRINT)
Place of publication, distribution, etc. Phnom Penh
Name of publisher, distributor, etc. RUA
Date of publication, distribution, etc. 2006
300 ## - PHYSICAL DESCRIPTION
Extent 43p.
Other physical details ill.
Dimensions 29cm.
942 ## - ADDED ENTRY ELEMENTS (KOHA)
Source of classification or shelving scheme
Koha item type AGR
Holdings
Price effective from Date last seen Permanent Location Not for loan Date acquired Source of classification or shelving scheme Koha item type Lost status Withdrawn status Total Renewals Date last checked out Total Checkouts Damaged status Barcode Current Location Full call number
2015-09-212019-12-11Library Block B 2015-09-21 AGR   2019-12-093 RUA002763Library Block BAGR CHA 2006 B034 Or.1
2015-09-212025-01-08Library Block B 2015-09-21 AGR  12024-12-105 RUA002619Library Block BAGR CHA 2006 B034 Or.2
2015-09-212019-05-10Library Block B 2015-09-21 AGR  22019-05-037 RUA002392Library Block BAGR CHA 2006 B034 Or.3
មជ្ឈមណ្ឌលឯការនៃសាកលវិទ្យាល័យភូមិន្ទកសិកម្មចំការដូង

Powered by Koha